000 00723nam a2200277Ia 4500
001 Z_5819
003 CHAP
008 220113s2008 xx 000 0 und d
010 _a169019
020 _a978-950-02-0384-5
040 _cCHAP
082 _a574.87 R62 2008
100 _aRobertis, Hib Ponzio (h)
_9143341
245 _aBiología celular y molecular de De Robertis /
_cHib Ponzio de Robertis (h)
250 _a15a ed.
260 _aBuenos aires :
_bEl Ateneo,
_c2008
300 _axvi, 469 p.
503 _aej.1 - ej.4: C/E
600 _a1. Biología 2. Citología 3. Biofísica
_9143342
901 _a574.87 R62 2008
902 _aM
910 _a2008
942 _c1
942 _cc1
999 _c169019
_d169019